| 000 | 00425pab a2200157 454500 | ||
|---|---|---|---|
| 008 | 180718b2001 xxu||||| |||| 00| 0 eng d | ||
| 100 | _aPanda, Snehlata | ||
| 245 | _aReservation for women in union and state legislature: A perspective | ||
| 260 | _c2001 | ||
| 300 | _ap.684-707. | ||
| 362 | _aOct-Dec | ||
| 650 | _aWomen in politics | ||
| 773 | _aIndian Journal of Public Administration | ||
| 908 | _aN | ||
| 909 | _a87844 | ||
| 999 |
_c87844 _d87844 |
||